Länder mit dem höchsten BIP - Statistiken

Allgemein
  • Dieses Quiz wurde 59 mal gespielt
  • Das Durchschnittsergebnis liegt bei 18 aus 20
Antwortstatistiken
BIP Land % Korrekt
4,3 Deutschland
98%
2,9 Frankreich
98%
27,0 USA
98%
17,3 China
97%
2,2 Italien
97%
2,1 Kanada
97%
3,4 Vereinigtes Königreich
97%
3,6 Indien
95%
2,0 Russland
95%
1,7 Australien
93%
2,0 Brasilien
93%
3,7 Japan
93%
1,7 Mexiko
90%
1,6 Spanien
90%
1,7 Südkorea
90%
0,9 Schweiz
78%
1,3 Indonesien
69%
1,0 Saudi-Arabien
69%
1,1 Niederlande
67%
1,2 Türkei
62%
Keine übereinstimmenden Quizze gefunden
Verteilung der Resultate
Anzahl Personen mit jedem Resultat
Perzentil nach korrekt beantworteten Fragen
Ihre Resultats-Entwicklung
Sie haben dieses Quiz noch nicht gespielt